000 01285cam a22003738i 4500
999 _c29644
_d29644
001 18276778
005 20180427162543.0
008 140822t20142016mau 000 0 eng
010 _a 2014032482
020 _a9780133773774
020 _a0133773779
040 _aDLC
_beng
_cDLC
_erda
042 _apcc
043 _an-us---
050 0 0 _aLC1201
_b.T43 2016
082 0 0 _a371.9
_223
245 0 0 _aTeaching students with special needs in inclusive settings /
_cTom E.C. Smith.
250 _aSeventh Edition.
263 _a1411
300 _apages cm
650 0 _aInclusive education
_zUnited States.
650 0 _aSpecial education
_zUnited States.
650 0 _aChildren with disabilities
_xEducation
_zUnited States.
650 0 _aClassroom management
_zUnited States.
700 1 _aSmith, Tom E. C.
906 _a7
_bcbc
_corignew
_d1
_eecip
_f20
_gy-gencatlg
942 _2lcc
_cBOOKS
_hLC 1201 .T43 2016